Código de minería: edición oficial, aprobada por decreto N§895, de 31 de agosto de 1998, del Ministerio de Justicia
שמור ב:
| פורמט: | ספר |
|---|---|
| שפה: | ספרדית |
| יצא לאור: |
Santiago
Jurídica de Chile
2000
|
| מהדורה: | 4a. ed |
| נושאים: | |
| תגים: |
הוספת תג
אין תגיות, היה/י הראשונ/ה לתייג את הרשומה!
|
MARC
| LEADER | 00000nam a2200000 a 4500 | ||
|---|---|---|---|
| 001 | UCO4387 | ||
| 003 | CL-VaPUC | ||
| 008 | 000804e20000000CL |||||||||||||||||spa|d | ||
| 082 | 0 | 4 | |a 343.83077 |b COD |2 21 |
| 245 | 1 | 0 | |a Código de minería: edición oficial, aprobada por decreto N§895, de 31 de agosto de 1998, del Ministerio de Justicia |
| 250 | |a 4a. ed | ||
| 300 | |a 347 p | ||
| 942 | |c BK | ||
| 945 | |d 20000804 00:00:00 |a vberengu | ||
| 260 | |a Santiago |b Jurídica de Chile |c 2000 | ||
| 500 | |a Apéndice actualizado a abril de 2000 | ||
| 650 | 0 | |a Concesiones mineras |9 256334 | |
| 650 | 7 | |a CONSERVADOR DE MINAS |2 CL-VaPUC |9 387123 | |
| 650 | 0 | |a Derecho de minería |9 344919 | |
| 650 | 0 | |a Minería |9 326008 | |
| 651 | 7 | |a CHILE |2 CL-VaPUC |9 448873 | |
| 583 | |a last modification |c 20000804 00:00:00 |k Rodrigo Vera | ||
| 999 | |c 290437 |d 290435 | ||
| 952 | |0 0 |1 0 |2 ddc |4 0 |6 343_830770000000000_COD_2000 |7 0 |8 FOND_LRYV |9 339849 |a BIBDER |b BIBDER |d 2019-11-20 |i 3637573 |o 343.83077 COD 2000 |p 3637573 |r 2023-01-25 |w 2019-11-20 |y BK_X |k DER | ||
| 952 | |0 0 |1 0 |2 ddc |4 0 |6 343_830770000000000_COD_2000 |7 0 |8 FOND_LRYV |9 339850 |a BIBDER |b BIBDER |d 2019-11-20 |i 3637581 |o 343.83077 COD 2000 |p 3637581 |r 2023-01-25 |w 2019-11-20 |y BK_X |k DER | ||